Sanat - "Palavaa vettä" - Lauri Tähkä - Statistics

Yleistilastot
  • Tätä visaa on pelattu 197 kertaa
  • Keskiarvotulos 118 / 204
Vastaustilastot
Sanat % Oikein
palavaa
97%
vettä
97%
vettä)
97%
on
92%
Onko
84%
onko
84%
(Onko
84%
olemassa
83%
että
78%
sydän
73%
kosketusta
70%
rakkautta
68%
Ja
65%
65%
65%
tuntee
65%
jonka
62%
62%
pinta
62%
joka
59%
alla
56%
mun
56%
sen
55%
sua
53%
hioo
52%
ilman
52%
oon
52%
pintaa
51%
olet
50%
virtaavaa
47%
yksin
47%
maailmassa
46%
teet
46%
Teet
46%
kalliosta
44%
kiinni
43%
menee
42%
sulaa
42%
mulle
41%
niinkuin
41%
rintaan
41%
Sinä
41%
sinä
41%
vaikka
39%
kovaa.
38%
sydämessä
38%
jäljen
37%
muhun
36%
onkin
35%
oikein
34%
minut
33%
kauniiksi
32%
pehmee,
32%
pehmee
32%
mikä
29%
vahvaksi
29%
näytät
22%
omaa
22%
tiedät
22%
minne
20%
(oo-o-oo)
20%
tietämättä
20%
ikkunoissa
19%
helposti
18%
kuljen
18%
kivi
17%
Valot syttyy
11%
oikeesti
2%
Ehtoja vastaavia visoja ei löytynyt
Tulosjakauma
Jokaisen tuloksen saaneiden osuus
Persentiili vastausten määrän mukaan
Tuloshistoriasi
Et ole pelannut tätä visaa